[Event "Petrovskaya Ladya IM"]
[Site "Peterhof RUS"]
[Date "2007.01.07"]
[Round "6"]
[White "Fedoseev,Vl3"]
[Black "Kuznetsov,G"]
[Result "1-0"]
[WhiteElo "2166"]
[BlackElo "2097"]

1.e4 c5 2.Nf3 e6 3.d4 cxd4 4.Nxd4 Nc6 5.Nc3 d6 6.Be3 Nf6 7.f3 d5 8.Bb5 Bd7
9.exd5 exd5 10.Qe2 Be7 11.O-O O-O 12.Rad1 Re8 13.Qf2 Bd6 14.Rfe1 Qc7 15.g3 Re5
16.Bf1 a6 17.Nxc6 bxc6 18.Bd4 Re6 19.Na4 Rae8 20.b3 Rxe1 21.Rxe1 Rxe1 22.Qxe1 c5
23.Bxf6 gxf6 24.Bxa6 c4 25.Kg2 Kg7 26.Qf2 Qa5 27.Bb7 cxb3 28.axb3 Qb5 29.Ba8 Be6
30.Qd2 Be5 31.f4 Bb8 32.Qd3 Qd7 33.h4 Ba7 34.Nc3 Bf5 35.Qxd5 Qc8 36.Qc6 Qd8
37.Nd5 Be4+ 38.Kh2 Bxd5 39.Qxd5 Qb6 40.Qg2 Qe3 41.Be4 Bc5 42.Bd3 Bb4 43.Qe4 Qf2+
44.Kh3 Be1 45.Qxh7+ Kf8 46.Qh8+ Ke7 47.Qg7 Qf3 48.Bc4 Qh1+ 49.Kg4 Bc3 50.Qxf7+ Kd6
51.Qf8+ Kc7 52.Qc5+  1-0

[Event "13th Festival A"]
[Site "Zupanja CRO"]
[Date "2007.01.07"]
[Round "6"]
[White "Fercec,N"]
[Black "Perunovic,Mil"]
[Result "0-1"]
[WhiteElo "2501"]
[BlackElo "2547"]

1.e4 c5 2.Nf3 e6 3.d4 cxd4 4.Nxd4 Nc6 5.Nc3 Qc7 6.Be3 a6 7.Qd2 Nf6 8.O-O-O Bb4
9.f3 Ne5 10.Nb3 b5 11.Qe1 Be7 12.f4 Ng6 13.e5 Ng4 14.Ne4 O-O 15.Bc5 Bb7 16.Nd6 Bd5
17.Rxd5 exd5 18.g3 f6 19.Bg2 fxe5 20.Bxd5+ Kh8 21.Bxa8 Bxd6 22.Bxd6 Qxd6
23.Bf3 Nf6 24.f5 Ne7 25.g4 e4 26.Bxe4 Nxg4 27.Rf1 Nxh2 28.Rf2 Ng4 29.Rd2 Qe5
30.Qh1 Nf6 31.Bd3 Nxf5 32.Rh2 g6 33.Kb1 Ng3 34.Qg1 Nge4 35.Rh3 Kg7 36.a3 h5
37.Qa7 Rf7 38.Qxa6 Nf2 39.Rf3 Nd1 40.c3 Qh2 41.Bc2 Qh1 42.Ka2 Qxf3 43.Nd4 Nxc3+
44.bxc3 Qxc3 45.Qd6 h4 46.Bb3 Qd2+ 47.Kb1 Qe1+ 48.Ka2 Re7 49.Qf4 Qe4 50.Qf2 h3
51.Bc2 Qg2  0-1

[Event "Petrovskaya Ladya IM"]
[Site "Peterhof RUS"]
[Date "2007.01.08"]
[Round "7"]
[White "Kuznetsov,G"]
[Black "Kaliberda,V"]
[Result "1-0"]
[WhiteElo "2097"]
[BlackElo "2354"]

1.e4 c5 2.Nf3 e6 3.d4 cxd4 4.Nxd4 Nc6 5.Nc3 Qc7 6.Be3 a6 7.Qd2 Nf6 8.f3 Be7
9.O-O-O O-O 10.g4 d6 11.Be2 b5 12.Rdg1 Bb7 13.h4 Rac8 14.h5 Ne5 15.g5 Nfd7
16.g6 b4 17.Nd1 Nc5 18.gxh7+ Kh8 19.Kb1 d5 20.Bh6 Bd6 21.Rh3  1-0

[Event "XXXII Open"]
[Site "Seville ESP"]
[Date "2007.01.08"]
[Round "2"]
[White "Herrera Delgado,A"]
[Black "Lopez Martinez,J"]
[Result "0-1"]
[WhiteElo "2088"]
[BlackElo "2550"]

1.e4 c5 2.Nf3 e6 3.d4 cxd4 4.Nxd4 Nc6 5.Nc3 Qc7 6.g3 a6 7.Bg2 d6 8.O-O Bd7
9.Be3 Nf6 10.Qe2 Be7 11.a4 Na5 12.Rfe1 O-O 13.Rad1 Rfe8 14.Bc1 g6 15.Nf3 Nc6
16.Bg5 Ne5 17.Nxe5 dxe5 18.Rd3 Bc6 19.Red1 Qa5 20.Qd2 Kh8 21.Bf3 Rac8 22.b3 b5
23.axb5 axb5 24.Nb1 Qa8 25.Qc3 Qb8 26.Qe1 Kg7 27.Qe3 Ba8 28.R1d2 Rc7 29.c3 Qa7
30.Qxa7 Rxa7 31.Re2 Ra1 32.Rd1 Rc8 33.Ree1 Ra2 34.Rd2 Ra1 35.Rdd1 h6 36.Bd2 Rd8
37.c4 b4 38.Be3 Rxd1 39.Rxd1 Bxe4 40.Bxe4 Nxe4 41.Nc3 Rxd1+ 42.Nxd1 Bc5 43.Kg2 Bd4
44.Kf3 f5 45.Ke2 g5 46.Kd3 Bxe3 47.Nxe3 Nxf2+ 48.Ke2 Ne4 49.Nc2 Nc5 50.Nxb4 Nxb3
51.Na6 Kf6 52.Nb8 Nc5 53.Nc6 e4 54.Ke3 e5 55.Nb4 f4+ 56.Ke2 Kf5  0-1

[Event "Australian Open"]
[Site "Tuggeranong AUS"]
[Date "2007.01.08"]
[Round "10"]
[White "Bluvshtein,M"]
[Black "Tredinnick,M"]
[Result "1/2-1/2"]
[WhiteElo "2541"]
[BlackElo "2189"]

1.e4 c5 2.Nf3 e6 3.d4 cxd4 4.Nxd4 Nc6 5.Nc3 Qc7 6.Be3 a6 7.Qd2 Nf6 8.O-O-O Bb4
9.f3 Na5 10.Kb1 Bxc3 11.Qxc3 Qxc3 12.bxc3 d5 13.e5 Nd7 14.f4 b5 15.Nb3 Nc4
16.Bd4 O-O 17.Bd3 Rb8 18.Rhe1 Ndb6 19.Nc5 Re8 20.Ka1 Na4 21.Nxa4 bxa4 22.Rb1 Bd7
23.g4 Bb5 24.f5 Nd2 25.Rb4 Bxd3 26.Rxb8 Rxb8 27.cxd3 Nf3 28.Re2 Nxd4 29.cxd4 h5
30.fxe6 fxe6 31.gxh5 Rb4 32.Rb2 a5 33.Rg2 Kf7 34.Rf2+ Ke7 35.Rg2 Kf7 36.Rf2+ Ke7
37.Rg2  1/2-1/2

[Event "Petrovskaya Ladya Open"]
[Site "Peterhof RUS"]
[Date "2007.01.09"]
[Round "7"]
[White "Fedoseev,S"]
[Black "Prokuronov,E"]
[Result "1/2-1/2"]
[WhiteElo "2243"]
[BlackElo "2292"]

1.e4 c5 2.Nf3 e6 3.d4 cxd4 4.Nxd4 Nc6 5.Nc3 Qc7 6.Be3 a6 7.Qd2 Nf6 8.O-O-O Bb4
9.f3 Ne5 10.Nb3 b5 11.Bd4 Bb7 12.Qf2 O-O 13.Qg3 Bd6 14.Qf2 Rac8 15.Bb6 Qb8
16.Ba7 Qc7 17.Bxb5 Bb4 18.Bb6 Neg4 19.fxg4 Nxg4 20.Qd4 Qf4+ 21.Kb1 Bxc3 22.bxc3 axb5
23.Bc5 Rfe8 24.h3 Nf6 25.e5 Qxd4 26.Bxd4 Ne4 27.Kb2 Bd5 28.Rhe1 Ra8 29.a3 Red8
30.Rd3 d6 31.Rde3 dxe5 32.Bxe5  1/2-1/2

[Event "13th Festival A"]
[Site "Zupanja CRO"]
[Date "2007.01.09"]
[Round "9"]
[White "Brkic,A"]
[Black "Perunovic,Mil"]
[Result "0-1"]
[WhiteElo "2570"]
[BlackElo "2547"]

1.e4 c5 2.Nf3 e6 3.d4 cxd4 4.Nxd4 Nc6 5.Nc3 Qc7 6.Be2 a6 7.O-O Nf6 8.Be3 Bb4
9.Na4 O-O 10.Nxc6 bxc6 11.f4 Be7 12.Bd3 c5 13.c4 Bb7 14.Nc3 Rad8 15.e5 Ne8
16.Qg4 d6 17.exd6 Nxd6 18.Qh5 f5 19.Qe2 Rf6 20.Qc2 Rg6 21.Rf2 Bf6 22.Rd1 Bd4
23.Re1 h6 24.a3 Bxc3 25.Qxc3 Ne4 26.Bxe4 Bxe4 27.Qe5 Qb7 28.g3 h5 29.Bd2 Rd3
30.Rxe4 Qxe4 31.Qxe4 fxe4 32.Re2 h4 33.Be1 Rd4 34.Bc3 Rd3 35.Be1 hxg3 36.hxg3 Rd4
37.Kg2 Kf7 38.Bc3 Rxc4 39.Rc2 e5 40.fxe5 Rb6 41.Kf2 Ke6 42.Ke3 Rb3 43.Kf4 Rb8
44.Rd2 Rf8+ 45.Kg5 Rf5+ 46.Kg6 Rxc3 47.bxc3 Rxe5 48.g4 e3 49.Re2 Kd5 50.Kxg7 Ke4
51.Kf6 Kd3 52.Re1 Kd2 53.Rh1 Re8 54.Kf7 Re4 55.g5 e2  0-1

[Event "Petrovskaya Ladya GM"]
[Site "Peterhof RUS"]
[Date "2007.01.10"]
[Round "10"]
[White "Shimanov,A"]
[Black "Lintchevski,D"]
[Result "1/2-1/2"]
[WhiteElo "2419"]
[BlackElo "2449"]

1.e4 e6 2.Nf3 c5 3.Nc3 Nc6 4.d4 cxd4 5.Nxd4 Nf6 6.Bf4 d6 7.Ndb5 e5 8.Bg5 a6
9.Bxf6 gxf6 10.Na3 b5 11.Nd5 f5 12.Bxb5 axb5 13.Nxb5 Ra4 14.b4 Qh4 15.O-O f4
16.c3 Rg8 17.Qxa4 Rxg2+ 18.Kxg2 Qh3+ 19.Kh1 Qf3+ 20.Kg1 Qg4+ 21.Kh1 Qf3+  1/2-1/2

[Event "XXXII Open"]
[Site "Seville ESP"]
[Date "2007.01.10"]
[Round "4"]
[White "Fernandez Romero,Ern"]
[Black "Parligras,M"]
[Result "1/2-1/2"]
[WhiteElo "2434"]
[BlackElo "2494"]

1.e4 c5 2.Nf3 e6 3.Nc3 Nc6 4.d4 cxd4 5.Nxd4 Nf6 6.Nxc6 bxc6 7.e5 Nd5 8.Ne4 Qc7
9.f4 Qb6 10.Bd3 Ba6 11.Qe2 Bxd3 12.Qxd3 f5 13.exf6 Nxf6 14.Nxf6+ gxf6 15.Be3 Qxb2
16.O-O Qa3 17.Qe2 h5 18.Rab1 Bc5 19.Rb3 Bxe3+  1/2-1/2

[Event "Keres Mem B"]
[Site "Tallinn EST"]
[Date "2007.01.10"]
[Round "7"]
[White "Westerinen,H"]
[Black "Seeman,T"]
[Result "1/2-1/2"]
[WhiteElo "2402"]
[BlackElo "2425"]

1.e4 c5 2.Nf3 e6 3.d4 cxd4 4.Nxd4 Nc6 5.Nc3 d6 6.Be2 Nf6 7.O-O Be7 8.Be3 Bd7
9.Nb3 a6 10.a4 Na5 11.Nxa5 Qxa5 12.Qd4 Rc8 13.Qb6 Qxb6 14.Bxb6 Rxc3 15.bxc3 Nxe4  1/2-1/2

[Event "Petrovskaya Ladya Open"]
[Site "Peterhof RUS"]
[Date "2007.01.11"]
[Round "9"]
[White "Mustaps,M"]
[Black "Prokuronov,E"]
[Result "1-0"]
[WhiteElo "2189"]
[BlackElo "2292"]

1.e4 c5 2.Nf3 e6 3.d4 cxd4 4.Nxd4 Nc6 5.Nc3 Qc7 6.Be3 a6 7.Qd2 Nf6 8.O-O-O Bb4
9.f3 Ne5 10.Qe1 O-O 11.g4 Bxc3 12.Qxc3 Qxc3 13.bxc3 d5 14.g5 Nh5 15.Be2 Ng6
16.Bd3 e5 17.Nb3 Bh3 18.exd5 Bg2 19.Rhe1 Bxf3 20.Be2 Bxe2 21.Rxe2 f6 22.gxf6 Nxf6
23.Nc5 Rf7 24.d6 b6 25.Ne6 Nd7 26.Nc7 Rc8 27.Kb2 a5 28.Ka3 Rf3 29.Ka4 Nh4
30.Kb5 Nf5 31.Kc6 Nb8+ 32.Kb7 Rd8 33.Bg5 Nxd6+ 34.Rxd6 Rxd6 35.Kxb8 h6 36.Be3 Rf7
37.Kb7 b5 38.Bb6 Re6 39.Re4 a4 40.Bd4 Ree7 41.Bb6 Re6 42.Bd4 Ree7 43.Bb6 Rf4
44.Re3 Rc4 45.Ka6 a3 46.Nd5 Re6 47.Kxb5 Rh4 48.Re2 e4 49.c4 Re5 50.Bc5 Rhh5
51.Bxa3 Kf7 52.Bc5 Re8 53.a4 Rhe5 54.Bb6 R8e7 55.a5  1-0

[Event "ch-CUB Open"]
[Site "Santa Clara CUB"]
[Date "2007.01.11"]
[Round "2"]
[White "Fernandez,Alex"]
[Black "Quezada,Y"]
[Result "0-1"]
[WhiteElo "2372"]
[BlackElo "2515"]

1.e4 c5 2.Nc3 e6 3.Nf3 Nc6 4.d4 cxd4 5.Nxd4 a6 6.Nxc6 bxc6 7.Bd3 d5 8.O-O Qc7
9.Re1 Bb7 10.a3 Nf6 11.Qf3 Bd6 12.Kh1 d4 13.Na4 c5 14.b3 O-O 15.Qh3 c4 16.bxc4 Qa5
17.Bh6 gxh6 18.e5 Bxe5 19.Qxh6 Kh8 20.f4 Qd2 21.Qh3 Rg8 22.Re2 Qxf4 23.Nc5 Bc6
24.Rae1 Rg7 25.Ne4 Ng4 26.Ng3 f5 27.Rf1 Qg5  0-1

[Event "14th Western Class Ch."]
[Site "Agoura Hills USA"]
[Date "2007.01.12"]
[Round "1"]
[White "Del Pilar,R"]
[Black "Sevillano,E"]
[Result "0-1"]
[WhiteElo "2253"]
[BlackElo "2500"]

1.e4 c5 2.Nf3 Nc6 3.Nc3 e6 4.d4 cxd4 5.Nxd4 Qb6 6.Nb3 Nf6 7.Bd3 Be7 8.O-O a6
9.a4 O-O 10.a5 Qc7 11.Be3 d5 12.Bb6 Qb8 13.exd5 exd5 14.Re1 Bb4 15.Nd4 Bg4
16.Be2 Bxc3 17.bxc3 Bxe2 18.Qxe2 Re8 19.Qf3 Ne5 20.Qh3 Nc4 21.Nf5 Nxb6 22.axb6 Qf4
23.Re3 Re4 24.Rxe4 Qxe4 25.Qd3 Qe6 26.h3 Re8 27.Rb1 Ne4 28.Ne3 Qf6 29.Nxd5 Qxf2+
30.Kh2 Qc5  0-1

[Event "XXXII Open"]
[Site "Seville ESP"]
[Date "2007.01.14"]
[Round "8"]
[White "Korneev,O"]
[Black "Vehi Bach,V"]
[Result "0-1"]
[WhiteElo "2606"]
[BlackElo "2368"]

1.e4 c5 2.Nf3 e6 3.d4 cxd4 4.Nxd4 Nc6 5.Nc3 Qc7 6.Be3 a6 7.Qd2 Nf6 8.O-O-O Bb4
9.f3 Ne5 10.Nb3 b5 11.Kb1 Nc4 12.Bxc4 bxc4 13.Nd4 Rb8 14.Ka1 O-O 15.g4 d6
16.h4 e5 17.Nf5 Bxf5 18.gxf5 d5 19.Rhg1 Bxc3 20.bxc3 Rfd8 21.Qf2 Ne8 22.Rb1 Qa5
23.Bd2 Qa4 24.Bg5 Qa3 25.Qd2 f6 26.Rxb8 Rxb8 27.Rb1 Rxb1+ 28.Kxb1 d4 29.Qe2 d3
30.cxd3 fxg5 31.hxg5 Qxc3 32.dxc4 Nd6 33.Qd1 Qb4+ 34.Qb3 Qxc4 35.Qb8+ Nc8
36.a4 Qd3+ 37.Kc1 Qc3+ 38.Kb1 a5 39.Qa8 Qc5 40.Ka2 Kf8 41.Qb7 Nd6 42.Qb8+ Ke7
43.Kb3 Qc4+ 44.Ka3 Qc3+ 45.Ka2 Qc2+ 46.Ka1 Qxa4+ 47.Kb2 Qb5+  0-1

[Event "Corus B"]
[Site "Wijk aan Zee NED"]
[Date "2007.01.15"]
[Round "3"]
[White "Bologan,V"]
[Black "Stellwagen,D"]
[Result "1/2-1/2"]
[WhiteElo "2658"]
[BlackElo "2585"]

1.e4 c5 2.Nf3 e6 3.d4 cxd4 4.Nxd4 Nc6 5.Nc3 d6 6.Be3 Nf6 7.Be2 Be7 8.f4 O-O
9.Qd2 e5 10.Nb3 exf4 11.Bxf4 Be6 12.O-O-O Ne5 13.Kb1 a6 14.Nd4 Rc8 15.Nf5 Bxf5
16.exf5 Qa5 17.Nd5 Qxd5 18.Qxd5 Nxd5 19.Rxd5 Rfe8 20.c3 Bf8 21.Bd1 g6 22.g4 Rc4
23.Rf1 Re4 24.h3 Nc4 25.fxg6 hxg6 26.Bb3 Re1+ 27.Rxe1 Rxe1+ 28.Rd1 Rxd1+
29.Bxd1 Ne5 30.Bc2 Be7 31.Be4 b6 32.Kc2 Kf8 33.b4 Ke8 34.Kb3 Kd7 35.Bb7 a5
36.Ka4 Bd8 37.Kb5 f5 38.gxf5 gxf5 39.Be3 Nd3 40.a4 f4 41.Bd4 Ke6 42.Bc8+ Kd5
43.Bb7+ Ke6 44.h4 axb4 45.cxb4 Bxh4 46.a5 Nxb4 47.axb6 Nc2 48.Bc8+ Kd5 49.Bg1 Bd8
50.Bb7+ Ke5 51.Bh1 Nd4+ 52.Ka6 Bxb6 53.Kxb6 f3 54.Bxd4+ Kxd4 55.Bxf3  1/2-1/2

[Event "Stone Flower B"]
[Site "Nizhnij Tagil RUS"]
[Date "2007.01.16"]
[Round "2"]
[White "Iwasaki,Y"]
[Black "Ogloblin,N"]
[Result "0-1"]
[WhiteElo "2141"]
[BlackElo "2401"]

1.e4 c5 2.Nf3 e6 3.d4 cxd4 4.Nxd4 Nc6 5.Nc3 a6 6.Be2 Qc7 7.O-O Nf6 8.Be3 Bb4
9.Na4 O-O 10.Nxc6 bxc6 11.f4 d5 12.e5 Nd7 13.c3 Be7 14.b4 a5 15.a3 Ba6 16.Bxa6 Rxa6
17.Nc5 Raa8 18.Nxd7 Qxd7 19.Qd3 g6 20.Rae1 Rfc8 21.Bc5 axb4 22.axb4 Bxc5+
23.bxc5 Ra5 24.f5 exf5 25.g4 fxg4 26.Rf6 Qe7 27.Qd4 Qxc5 28.e6 fxe6 29.Rexe6 Qxd4+
30.cxd4 Kg7 31.Rf4 Rb8 32.Re7+ Kh6 33.Kg2 Rb2+ 34.Rf2 Rxf2+ 35.Kxf2 Ra3 36.Rc7 Rc3
37.Kg2 g5 38.Kf2 Kg6 39.Kg2 h5 40.Kf2 h4 41.Kg2 Rc2+  0-1

[Event "ch-CUB Open"]
[Site "Santa Clara CUB"]
[Date "2007.01.16"]
[Round "7"]
[White "Alvarez Pedraza,A"]
[Black "Hernandez,Hold"]
[Result "0-1"]
[WhiteElo "2445"]
[BlackElo "2543"]

1.e4 c5 2.Nf3 Nc6 3.d4 cxd4 4.Nxd4 e6 5.Nc3 a6 6.g3 d6 7.Bg2 Bd7 8.O-O Nf6
9.Re1 Qc7 10.Nxc6 Bxc6 11.a4 Be7 12.Be3 O-O 13.a5 Rac8 14.Qd2 Nd7 15.f4 Bf6
16.Red1 Bxc3 17.Qxc3 Nf6 18.Qb4 d5 19.e5 d4 20.Bxd4 Bxg2 21.exf6 Bh3 22.fxg7 Rfd8
23.Rd2 Qc6 24.Re1 Qf3 25.Bf6 Rd7 26.Rf2 Qd5 27.Bc3 Qf5 28.Qe4 Qxe4 29.Rxe4 Rxc3  0-1

[Event "ch-CUB Open"]
[Site "Santa Clara CUB"]
[Date "2007.01.16"]
[Round "7"]
[White "Ortiz,I"]
[Black "Quezada,Y"]
[Result "1/2-1/2"]
[WhiteElo "2352"]
[BlackElo "2515"]

1.e4 c5 2.Ne2 e6 3.d4 cxd4 4.Nxd4 Nc6 5.Nc3 a6 6.f4 Qc7 7.Be3 b5 8.Be2 Bb7
9.a3 Rc8 10.Nb3 d6 11.O-O Nf6 12.Bf3 Be7 13.Kh1 O-O 14.g4 d5 15.exd5 Nxd5
16.Nxd5 exd5 17.c3 Bd6 18.Bg2 Rfe8 19.Qd2 Na5 20.Nxa5 Qxa5 21.Rac1 Qc7 22.Bxd5 Bxa3
23.Bg2 Bd6 24.Bxb7 Qxb7+ 25.Qg2 Qb8 26.f5 Be5 27.Bg1 h6 28.Ra1 Qa8 29.Rfe1 a5
30.Qxa8 Rxa8 31.Re4 f6 32.Bb6 a4 33.Rb4 Rab8 34.Ba7 Rb7 35.Bc5 Rc8 36.Bg1 a3
37.bxa3 Bxc3 38.Rc1 Kh7 39.Rb3 Rbc7 40.Rxb5 Rc4 41.Rb3 Be5 42.Rxc4 Rxc4 43.Rb1  1/2-1/2

[Event "Corus B"]
[Site "Wijk aan Zee NED"]
[Date "2007.01.16"]
[Round "4"]
[White "Jakovenko,D"]
[Black "Stellwagen,D"]
[Result "1/2-1/2"]
[WhiteElo "2691"]
[BlackElo "2585"]

1.e4 c5 2.Nf3 e6 3.d4 cxd4 4.Nxd4 Nc6 5.Nc3 d6 6.Be3 Nf6 7.f4 e5 8.Nf3 Ng4
9.Qd2 Nxe3 10.Qxe3 exf4 11.Qxf4 Be7 12.O-O-O Be6 13.Nd5 O-O 14.Kb1 Rc8 15.g4 Bxd5
16.Rxd5 Nb4 17.Rd2 Qb6 18.g5 Rc5 19.a3 Nc6 20.h4 Ra5 21.Rd3 Rb5 22.Qc1 Rc8
23.Be2 Bf8 24.Rf1 g6 25.Rb3 Rxb3 26.cxb3 Rc7 27.Qd1 Bg7 28.Bc4 Nd4 29.Nxd4 Qxd4
30.Qe2 Re7 31.Rf2 Rxe4 32.Bxf7+ Kh8 33.Qc2 Re1+ 34.Ka2 Qc5 35.b4 Qxc2 36.Rxc2 Be5
37.Bd5 h6 38.Rc8+ Kh7 39.Rc7+ Kh8 40.Rxb7 Re2 41.Kb3 Rxb2+ 42.Ka4 Rd2 43.Be4 hxg5
44.hxg5 Bd4 45.Rd7 Be3 46.Bxg6 Rd5 47.Be4 Rxg5 48.Rxd6 Kg7 49.Bd5 Kf8 50.Kb5 Bc1
51.a4 Ba3 52.Rd7 Ke8 53.Kc6 Bxb4 54.Rxa7 Rg6+ 55.Kb5 Rg5 56.Kc4 Rg4+ 57.Kb3 Kd8
58.Be6 Re4 59.Bf5 Rf4 60.Be6 Re4 61.Bc4 Bc5 62.Ra8+ Kc7 63.a5 Re3+ 64.Ka4 Re4
65.Kb3 Re3+ 66.Kc2 Bb4 67.Bf1 Rf3 68.Bd3 Rf8 69.Ra7+ Kb8 70.Ra6 Rc8+ 71.Kb2 Bc3+
72.Kb3 Rc5 73.Rb6+  1/2-1/2

[Event "5th Parsvnath Open"]
[Site "New Delhi IND"]
[Date "2007.01.17"]
[Round "5"]
[White "Rohit,G"]
[Black "Ganguly,S"]
[Result "1-0"]
[WhiteElo "2392"]
[BlackElo "2571"]

1.e4 c5 2.Nf3 e6 3.d4 cxd4 4.Nxd4 Nc6 5.Nc3 Qc7 6.Be3 a6 7.Qd2 Nf6 8.O-O-O Bb4
9.f3 Ne7 10.Nde2 b5 11.g4 h6 12.Qe1 Ba5 13.Qg3 Ng6 14.a3 Bb7 15.Bg2 Rc8 16.b4 Qxg3
17.hxg3 Bd8 18.g5 hxg5 19.Rxh8+ Nxh8 20.Rh1 Ng6 21.Bxg5 Nxe4 22.Nxe4 Bxe4
23.Bxd8 Rxc2+ 24.Kd1 Bd3 25.Bf1 Kxd8 26.Nc1 Rxc1+ 27.Kxc1 Bxf1 28.Rxf1 Ne5
29.Kc2 d5 30.Kc3 Kd7 31.f4 Nc4 32.Rh1 Nd6 33.Rh7 g6 34.g4 Ke7 35.g5 Nc4 36.Rh8 e5
37.fxe5 Nxe5 38.Kd4 Nf3+ 39.Kxd5 Nxg5 40.Ra8 Ne6 41.Ra7+ Kf6 42.Rxa6 Kf5
43.Ra7 f6 44.a4 Nf4+ 45.Kd6 Ke4 46.Re7+ Kd4 47.a5 Nd5 48.a6  1-0

[Event "ch-CUB Open"]
[Site "Santa Clara CUB"]
[Date "2007.01.17"]
[Round "8"]
[White "Abreu,A"]
[Black "Quezada,Y"]
[Result "1/2-1/2"]
[WhiteElo "2473"]
[BlackElo "2515"]

1.e4 c5 2.Nf3 e6 3.d4 cxd4 4.Nxd4 Nc6 5.Nc3 a6 6.Nxc6 bxc6 7.Bd3 d5 8.O-O Nf6
9.Re1 Be7 10.e5 Nd7 11.Qg4 g6 12.Na4 h5 13.Qe2 Bb7 14.c4 d4 15.Bf4 c5 16.Be4 Rb8
17.Rad1 Qc7 18.Bxb7 Qxb7 19.Rd3 Qc6 20.b3 h4 21.Bd2 Kf8 22.f4 Kg7 23.Rh3 Qc7
24.Qe4 a5 25.g4 hxg3 26.Rxh8 Rxh8 27.hxg3 Qa7 28.Qc6 Qa8 29.Qxa8 Rxa8 30.Kg2  1/2-1/2

[Event "TCh-AUT 2006-7"]
[Site "Leoben AUT"]
[Date "2007.01.18"]
[Round "4"]
[White "Atlas,V"]
[Black "Laznicka,V"]
[Result "1/2-1/2"]
[WhiteElo "2488"]
[BlackElo "2593"]

1.e4 c5 2.Nf3 Nc6 3.Nc3 e6 4.d4 cxd4 5.Nxd4 a6 6.g3 d6 7.Bg2 Bd7 8.O-O Nf6
9.Be3 Be7 10.Nxc6 Bxc6 11.a4 O-O 12.a5 Nd7 13.Na4 f5 14.Nb6 Nxb6 15.Bxb6 Qd7
16.Qe2 f4 17.c4 Bd8 18.b4 Rf6 19.gxf4 Bxb6 20.axb6 Raf8 21.Ra5 Qd8 22.b5 axb5
23.cxb5 Qxb6 24.Rfa1 Be8 25.Qe3 Qc7 26.f5 exf5 27.b6 Qc4 28.Rxf5 Bc6 29.Rxf6 Rxf6  1/2-1/2

[Event "TCh-AUT 2006-7"]
[Site "Leoben AUT"]
[Date "2007.01.18"]
[Round "4"]
[White "Balinov,I"]
[Black "Sommerbauer,N"]
[Result "1/2-1/2"]
[WhiteElo "2516"]
[BlackElo "2463"]

1.e4 c5 2.Nf3 e6 3.d4 cxd4 4.Nxd4 Nc6 5.Nc3 Qc7 6.Be3 a6 7.f4 b5 8.Qf3 Bb7
9.Bd3 Nf6 10.O-O-O Be7 11.Kb1 Rc8 12.Rhf1 h5 13.h3 h4  1/2-1/2

[Event "Corus C"]
[Site "Wijk aan Zee NED"]
[Date "2007.01.18"]
[Round "5"]
[White "Van Haastert,E"]
[Black "Peng Zhaoqin"]
[Result "1/2-1/2"]
[WhiteElo "2391"]
[BlackElo "2431"]

1.e4 c5 2.Nf3 e6 3.d4 cxd4 4.Nxd4 Nc6 5.Nc3 Qc7 6.Be3 a6 7.Bd3 b5 8.Nxc6 dxc6
9.O-O Nf6 10.f4 e5 11.f5 Bb7 12.Qf3 Rd8 13.g4 h6 14.Rad1 Bb4 15.Ne2 Qe7 16.Ng3 Bc5
17.Bxc5 Qxc5+ 18.Rf2 Qe7 19.h3 c5 20.c3 O-O 21.Rfd2 Rd7 22.Bc2 Rfd8 23.Rxd7 Rxd7
24.Rxd7 Nxd7 25.Qe3 Nb6 26.b3 Nd7 27.Nf1 Nf6 28.Kf2 Qc7 29.Kf3 a5 30.Nd2 Ne8
31.h4 Nd6 32.Kg3 Qc6 33.Bd3 b4 34.c4 f6 35.Bc2 Kf8 36.Qd3 Qc7 37.Qf3 Nf7
38.Qe3 Qd6 39.Nf3 Qe7 40.Ne1 Qd6 41.Nd3 Qd4 42.Kf3 h5 43.gxh5 Qc3 44.Nxc5 Qxc2
45.Nxb7 Nh6 46.Qe2 Qc1 47.Kg2 Qf4 48.Nc5 Qxh4 49.Ne6+ Kg8 50.Qf3 Qe1 51.c5 Nf7
52.Qd3 Kh7 53.c6 Nd6 54.c7 Nxe4 55.Qf3 Qd2+ 56.Kh3 Nd6 57.Qg3 Qc3 58.Kg4 Qxg3+
59.Kxg3 Nxf5+ 60.Kg4 Nd6 61.Nc5 Kh6 62.Nb7 Nc8 63.Nxa5 g6 64.hxg6 Kxg6 65.Nc6 f5+
66.Kf3 Kf6 67.Nxb4 Ke6 68.Na6 Kd7 69.b4 Nb6 70.a3 Nd5 71.b5 Nxc7 72.Nc5+ Kd6
73.b6 Nd5 74.b7 Kc7 75.a4 e4+ 76.Kf2 Nb4 77.Ke3 Nd3  1/2-1/2

[Event "ch-GER"]
[Site "Koenigshofen GER"]
[Date "2007.01.19"]
[Round "1"]
[White "Luther,T"]
[Black "Stanke,J"]
[Result "1-0"]
[WhiteElo "2580"]
[BlackElo "2323"]

1.e4 c5 2.Nf3 e6 3.d4 cxd4 4.Nxd4 Nc6 5.Nc3 Qc7 6.Be3 a6 7.Qd2 Nf6 8.O-O-O b5
9.Bf4 e5 10.Nxc6 exf4 11.e5 dxc6 12.exf6 Be6 13.Ne4 Bd5 14.Qc3 O-O-O 15.Nc5 gxf6
16.Qh3+ Be6 17.Rxd8+ Qxd8 18.Nxe6 fxe6 19.Qxe6+ Qd7 20.Qe4 Bd6 21.Bd3 Rg8
22.Rd1 Rg7 23.Qd4 Bc7 24.Qxf6 Rf7 25.Qh8+ Kb7 26.Bc4 Qf5 27.Bxf7 Qxf7 28.Qd4 Qxa2
29.Kd2 Qg8 30.g3 Qg5 31.Ke1 Qf5 32.c3 Qc2 33.Rd2 Qb1+ 34.Ke2 Qf5 35.Qd3 Qh3
36.Qf3 Qxh2 37.g4 Qh6 38.Kf1 Qg6 39.b4 Qb1+ 40.Rd1 Qg6 41.Rd7 Kc8 42.Re7 h6
43.Qe2 Kb8 44.Re6 Qg5 45.Qf3  1-0

[Event "ch-CUB KO"]
[Site "Santa Clara CUB"]
[Date "2007.01.19"]
[Round "1.1"]
[White "Arencibia,W"]
[Black "Hernandez,Hold"]
[Result "1/2-1/2"]
[WhiteElo "2549"]
[BlackElo "2543"]

1.e4 c5 2.Nf3 Nc6 3.d4 cxd4 4.Nxd4 e6 5.Nc3 a6 6.Be2 Qc7 7.O-O Nf6 8.Be3 Bb4
9.Na4 O-O 10.c4 Bd6 11.g3 Nxe4 12.Qc1 f5 13.c5 Be5 14.f4 Bf6 15.Bf3 Rb8 16.Ne2 Rd8
17.Bxe4 fxe4 18.Qc2 d5 19.cxd6 Qxd6 20.Rfd1 Qe7 21.Rxd8+ Qxd8 22.Rd1 Qe8
23.Qxe4 e5 24.f5 h5 25.Nb6 Ne7 26.Nxc8 Qxc8 27.Rf1 Qc6 28.Nc3 Rd8 29.Qxc6 Nxc6
30.Ne4 Rd3 31.Kf2 Nb4 32.Ke2 Rd7 33.Bc5 Nc6 34.Rd1 Rxd1 35.Kxd1 Bd8 36.Kd2 Kf7
37.Kd3 b6 38.Be3 g6 39.Nd6+ Kf6 40.fxg6 Kxg6 41.Ke4 Kf6 42.a3 b5 43.Nb7 Be7
44.b4 Ke6 45.h3 Nd8 46.Nxd8+ Bxd8 47.Bd2 Bf6 48.g4 hxg4 49.hxg4 Bg7 50.Bg5 Bf8
51.Bd8 Bh6 52.g5 Bg7  1/2-1/2

[Event "Corus B"]
[Site "Wijk aan Zee NED"]
[Date "2007.01.19"]
[Round "6"]
[White "Smeets,J"]
[Black "Stellwagen,D"]
[Result "1/2-1/2"]
[WhiteElo "2538"]
[BlackElo "2585"]

1.e4 c5 2.Nf3 e6 3.d4 cxd4 4.Nxd4 Nc6 5.Nc3 d6 6.g4 Nge7 7.Be3 a6 8.Nde2 b5
9.f4 Bb7 10.Qd2 d5 11.Bg2 dxe4 12.Nxe4 Qxd2+ 13.Bxd2 Nd5 14.O-O-O Be7 15.f5 O-O
16.Rhe1 Rac8 17.Kb1 Ncb4 18.Bxb4 Bxb4 19.c3 Be7 20.fxe6 fxe6 21.Nd4 Bh4 22.Nd6 Bxe1
23.Nxc8 Rxc8 24.Rxe1 Nxc3+ 25.bxc3 Bxg2 26.Rxe6 Rxc3 27.Rxa6 Rh3 28.Nxb5 Rxh2
29.Nd6 h6 30.Ra7 Bf3 31.Ne8 Re2 32.Nxg7 Bxg4 33.a4 h5 34.Nxh5 Bxh5 35.a5 Bg6+
36.Ka1 Bd3 37.Rd7 Bc4 38.Rc7 Be6 39.Kb1 Bf5+ 40.Ka1 Re5 41.Ra7 Rb5 42.Ka2 Kf8
43.Ka3 Ke8 44.a6 Bd7 45.Rb7 Ra5+ 46.Kb4 Rxa6 47.Kc5 Ke7 48.Rb6 Ra5+ 49.Kd4 Be6
50.Rb8 Kf6 51.Rf8+ Bf7 52.Ke4 Ra4+ 53.Ke3 Ke6 54.Rb8 Ke5 55.Rf8 Ra3+ 56.Kd2 Bd5
57.Rf2 Bf3 58.Rf1 Kd4 59.Rf2 Kc4 60.Ke1 Re3+ 61.Kd2 Kd4 62.Kc2 Be4+ 63.Kd2 Ra3
64.Ke1 Ra1+ 65.Kd2 Rh1 66.Ke2 Rh3 67.Kd2 Bf3 68.Kc2 Ke3 69.Rd2 Rh8 70.Rd3+ Ke4
71.Kd2 Rh2+ 72.Kc3 Rh1 73.Rd4+ Ke5 74.Rd2 Be4 75.Rf2 Rc1+ 76.Kd2 Rc2+ 77.Ke1 Rxf2  1/2-1/2

[Event "TCh-AUT 2006-7"]
[Site "Leoben AUT"]
[Date "2007.01.20"]
[Round "6"]
[White "Ragger,M"]
[Black "Schlosser,P"]
[Result "1/2-1/2"]
[WhiteElo "2487"]
[BlackElo "2562"]

1.e4 c5 2.Nf3 e6 3.d4 cxd4 4.Nxd4 Nc6 5.Nc3 Qc7 6.Be3 a6 7.Qd2 Nf6 8.O-O-O Bb4
9.f3 Ne5 10.Nb3 b5 11.Qe1 Be7 12.f4 Ng6 13.e5 Ng4 14.Ne4 O-O 15.Bc5 Bb7 16.h3 Nh6
17.Bxe7 Nxe7 18.Bd3 f6 19.exf6 gxf6 20.Qh4 Nhf5 21.Qf2 Ng7 22.Qh4 Ngf5 23.Qf2 Ng7
24.Qh4 Ngf5 25.Qf2  1/2-1/2

[Event "GM"]
[Site "Marianske Lazne CZE"]
[Date "2007.01.21"]
[Round "3"]
[White "Hermansson,E"]
[Black "Jansa,Vl"]
[Result "1/2-1/2"]
[WhiteElo "2466"]
[BlackElo "2488"]

1.e4 c5 2.Nf3 e6 3.d4 cxd4 4.Nxd4 Nc6 5.Nc3 a6 6.Be3 Nf6 7.Qd2 Bb4 8.f3 d5
9.O-O-O O-O 10.a3 Be7 11.Be2 dxe4 12.Nxc6 Qxd2+ 13.Rxd2 bxc6 14.Nxe4 Nxe4
15.fxe4 c5 16.Rhd1 Ra7 17.c3 h6 18.Kc2 Bb7 19.Bf3 Bc6 20.e5 Rc8 21.Bxc6 Rxc6
22.Rd7 Rxd7 23.Rxd7 Kf8 24.Rb7 Bd8 25.b4 cxb4 26.axb4 Bc7 27.Bd4 Ke8 28.Kd3 f6
29.exf6 gxf6 30.Bxf6 Bxh2 31.Bd4 Bc7 32.c4 e5 33.Be3 Kd8 34.b5 axb5 35.cxb5 Rd6+
36.Ke4 Kc8 37.Ra7 Rg6 38.Ra2 Kb7 39.b6 Bb8 40.Rf2 h5 41.Kd5 Rg3 42.Bc5 Rg7
43.Rf5 Rxg2 44.Rf7+ Ka6 45.Rf8 Kb7 46.Rf7+ Ka6 47.Rf8 Kb7 48.Rf7+  1/2-1/2

[Event "Corus C"]
[Site "Wijk aan Zee NED"]
[Date "2007.01.21"]
[Round "8"]
[White "Hou Yifan"]
[Black "Peng Zhaoqin"]
[Result "1/2-1/2"]
[WhiteElo "2509"]
[BlackElo "2431"]

1.e4 c5 2.Nf3 e6 3.d4 cxd4 4.Nxd4 Nc6 5.Nc3 Qc7 6.Be2 a6 7.O-O Nf6 8.Kh1 Nxd4
9.Qxd4 Bc5 10.Qd3 b5 11.Bg5 Bb7 12.f4 h6 13.Bxf6 gxf6 14.Bh5 Rg8 15.a4 b4
16.Ne2 Qd6 17.Qf3 f5 18.Ng3 O-O-O 19.Qe2 Qe7 20.Bf3 Qh4 21.Qc4 d6 22.Ne2 fxe4
23.Bxe4 Qg4 24.Ng3 Bxe4 25.Qxe4 d5 26.Qd3 Kb7 27.c3 Bd6 28.Qe3 Rc8 29.cxb4 Rc4
30.a5 Rxb4 31.Ra4 Rb5 32.Rc1 Qg7 33.Rd4 h5 34.Rd2 h4 35.Nh5 Qh8 36.Rdc2 Qxh5
37.Rc6 d4 38.Qxd4 Qd5 39.Rb6+ Ka7 40.Rxd6+ Qxd4 41.Rxd4 Rxb2 42.Rd7+ Kb8
43.Rxf7 Rgxg2 44.Rf8+  1/2-1/2